[Event "Titled Tue 10th Oct Late"]
[Site "chess.com INT"]
[Date "2023.10.10"]
[Round "3"]
[White "Maksimovic, Bojan"]
[Black "Firouzja, Alireza"]
[Result "1-0"]
[WhiteElo "2502"]
[BlackElo "2777"]
[PlyCount "135"]
[EventDate "2023.10.10"]

1. Nf3 Nf6 2. e3 g6 3. b3 Bg7 4. Bb2 O-O 5. Be2 d6 6. d4 Nbd7 7. O-O Re8 8. c4 c6 9. Nc3 e5 10. Qc2 Qe7 11. b4 e4 12. Nd2 Nf8 13. b5 Bf5 14. bxc6 bxc6 15. Rfb1 $146 ({RR} 15. Ba3 h5 16. Rab1 N8h7 17. Qa4 Rac8 18. Qa6 Rc7 19. Rb3 h4 20. Rfb1 h3 21. g3 Ng5 22. Rb7 Bc8 23. Rxc7 Qxc7 24. Qa4 Kh7 25. Bb4 Bf5 26. Qa5 Qd7 27. Rb2 Bh6 28. Ba3 Bg4 29. Bf1 Rc8 {Markowski,T (2470)-Spraggett,K (2520) Geneve 1995 1-0 (55)}) 15... h5 16. Ba3 Ne6 17. Qa4 Nxd4 18. exd4 e3 19. Nf1 exf2+ 20. Kh1 Bxb1 21. Rxb1 Ne4 22. Nd1 Nd2 23. Bd3 Nxb1 24. Bxb1 Qe1 25. Bd3 Bxd4 26. Qc2 c5 27. Bc1 Rab8 28. g3 h4 29. gxh4 Qe6 30. Nxf2 Qf6 31. Kg2 Re1 32. Ne4 Qxh4 33. Nfg3 Qg4 34. Nf2 Bxf2 35. Kxf2 Rh1 36. Nxh1 Qh3 37. Kg1 Re8 38. Ng3 Re1+ 39. Kf2 Re6 40. Kg1 Qg4 41. Kg2 Re1 42. Bd2 Re6 43. Qb2 Re8 44. Qc1 Qd4 45. Qf1 Qb2 46. Qf2 f5 47. Bf4 Qc3 48. Be2 Re6 49. h4 Qf6 50. Bg5 Qe5 51. Bf4 Qf6 52. Bg5 Qc3 53. h5 Qe5 54. Bf4 Qf6 55. hxg6 Qxg6 56. Qf3 Kf8 57. Bd3 Qf6 58. Qd5 Qb2+ 59. Kh3 Qf6 60. Bxf5 Qh8+ 61. Kg4 Qg7+ 62. Kf3 Qc3+ 63. Kg4 Qg7+ 64. Bg5 Re8 65. Qxd6+ Kg8 66. Qd5+ Kh8 67. Nh5 Qg8 68. Qxg8+ 1-0

[Event "Titled Tue 10th Oct Late"]
[Site "chess.com INT"]
[Date "2023.10.10"]
[Round "4"]
[White "Svane, R."]
[Black "Maksimovic, Bojan"]
[Result "1-0"]
[WhiteElo "2646"]
[BlackElo "2502"]
[PlyCount "57"]
[EventDate "2023.10.10"]

1. Nf3 g6 2. e4 Bg7 3. d4 d6 4. Bd3 Nc6 5. d5 Nb8 ({RR} 5... e5 6. dxc6 bxc6 7. O-O Nf6 8. c4 O-O 9. Nc3 Nd7 10. b4 a5 11. b5 Nc5 12. bxc6 Ra6 13. Be3 Rxc6 14. Rb1 f5 15. Bxc5 Rxc5 16. Rb5 c6 17. Rxc5 dxc5 18. Be2 Qe7 19. Qa4 Bd7 20. Qxa5 {Carlsen,M (2830)-Nihal,S (2688) chess.com INT 2023 1-0}) ({RR} 5... Ne5 6. Nxe5 Bxe5 7. O-O Bg7 8. c4 e6 9. Nc3 Ne7 10. Be3 O-O 11. Qd2 c6 12. Bh6 c5 13. Bxg7 Kxg7 14. Rad1 e5 15. f4 f6 16. f5 Bd7 17. g4 g5 18. h4 h6 19. Kg2 Rh8 20. Rh1 {Schekachikhin,M (2381)-Marchesich,G (2220) chess.com INT 2025 1-0 (46)}) ({RR} 5... Nb4 6. O-O Nf6 7. c4 O-O 8. Nc3 e6 9. dxe6 Bxe6 10. h3 Nd7 11. Bg5 Qc8 12. Re1 Nxd3 13. Qxd3 Nc5 14. Qe2 Re8 15. Rad1 f5 16. exf5 Bxf5 17. Qd2 Qd7 18. Nd4 Rxe1+ 19. Rxe1 Re8 20. Rxe8+ {Svane,R (2637)-Ten Hertog,H (2523) chess.com INT 2024 1-0 (32)}) 6. h3 Nf6 7. O-O O-O 8. Re1 $146 ({RR} 8. c4 e5 9. dxe6 Bxe6 10. Nc3 Nc6 11. Bf4 Nh5 12. Bh2 Ne5 13. Qe2 c6 14. g4 Bxg4 15. hxg4 Nxg4 16. Kh1 Nxh2 17. Nxh2 Be5 18. Qg4 Nf4 19. Rad1 h5 20. Qf3 Qh4 21. Qg3 Qf6 22. Qf3 Qh4 {Tari,A (2653)-Rozman,L (2322) chess.com INT 2023 1-0 (43)}) 8... c6 9. c4 Nbd7 10. Nc3 Nh5 11. Bg5 Ne5 12. Nxe5 Bxe5 13. Qd2 Qa5 14. Bxe7 Re8 15. Bg5 f6 16. Be3 Bxc3 17. bxc3 c5 18. f4 Bd7 19. Bf2 Ng7 20. Bh4 Rf8 21. e5 fxe5 22. fxe5 dxe5 23. Rxe5 Nf5 24. Bxf5 Bxf5 25. Re7 Rae8 26. Rae1 Rxe7 27. Rxe7 Rf7 28. d6 Qa4 29. Qd5 1-0

[Event "Titled Tue 10th Oct Late"]
[Site "chess.com INT"]
[Date "2023.10.10"]
[Round "5"]
[White "Anton Guijarro, D."]
[Black "Guerra Mendez, J."]
[Result "1-0"]
[WhiteElo "2653"]
[BlackElo "2500"]
[PlyCount "57"]
[EventDate "2023.10.10"]

1. Nf3 Nf6 2. b3 g6 3. Bb2 Bg7 4. g3 O-O 5. Bg2 d6 6. d4 Nbd7 7. O-O c6 8. Nbd2 Qc7 9. a4 b6 ({RR} 9... Re8 10. e4 e5 11. dxe5 dxe5 12. Re1 Nc5 13. b4 Na6 14. Bc3 Bg4 15. Qc1 Rad8 16. Qb2 Bxf3 17. Nxf3 Ng4 18. h3 Nh6 19. Bf1 f6 20. Rad1 Nf7 21. Bc4 Kh8 22. Kg2 Nd6 23. Bd3 c5 24. b5 {Carpinter,A (2080)-Ning,I (1958) Palmerston North NZL 2024 1-0 (69)}) 10. Re1 ({RR} 10. e4 Ba6 11. Re1 e5 12. c4 Rfe8 13. Qc2 {½-½ (13) Mikhalevski,V (2580)-Onischuk,V (2627) Budapest 2019}) 10... Bb7 11. e4 e5 12. dxe5 $146 ({RR} 12. a5 Ba6 13. c4 c5 14. dxe5 dxe5 15. Nb1 Rfd8 16. Nc3 Nf8 17. Nd5 Nxd5 18. exd5 f6 19. Nd2 Rab8 20. axb6 Qxb6 21. Bc3 Re8 22. Ba5 Qb7 23. Ne4 Qxb3 24. Qxb3 Rxb3 25. Nxc5 Bxc4 26. Nxb3 Bxb3 {Cori Tello,D (2371)-Khegay,A (2131) Chennai 2022 1-0 (34)}) 12... Nxe5 13. Nxe5 dxe5 14. Nc4 Ne8 15. Ba3 c5 16. Ne3 Rd8 17. Qe2 Nd6 18. f3 Rfe8 19. Rad1 f5 20. Bb2 Qf7 21. Nd5 Rd7 22. c4 h5 23. Qd2 Kh7 24. a5 Bxd5 25. Qxd5 Red8 26. axb6 axb6 27. Qxf7 Nxf7 28. Rd5 Rxd5 29. exd5 1-0

[Event "Titled Tue 10th Oct Late"]
[Site "chess.com INT"]
[Date "2023.10.10"]
[Round "8"]
[White "Anton Guijarro, D."]
[Black "Mekhitarian, K."]
[Result "1-0"]
[WhiteElo "2653"]
[BlackElo "2559"]
[PlyCount "77"]
[EventDate "2023.10.10"]

1. Nf3 d5 2. b3 c5 3. e3 a6 4. Bb2 Nc6 5. g3 Nf6 ({RR} 5... f6 6. d4 cxd4 7. exd4 Bg4 8. Bg2 e6 9. h3 Bh5 10. O-O Bd6 11. c4 Nge7 12. Nc3 O-O 13. Re1 Bf7 14. Rc1 Re8 15. a3 Rc8 16. cxd5 Nxd5 17. Ne4 Bf8 18. b4 a5 19. b5 Nb8 20. Nfd2 {Anton Guijarro,D (2665)-Nepomniachtchi,I (2755) chess.com INT 2024 0-1 (55)}) 6. Bg2 g6 ({RR} 6... Qc7 7. c4 dxc4 8. bxc4 Bf5 9. Bxf6 exf6 10. Nc3 Bd6 11. Nh4 Be6 12. Nd5 Qd8 13. Rb1 Rb8 14. O-O O-O 15. d4 cxd4 16. exd4 b5 17. Ne3 Bd7 18. c5 Bc7 19. d5 Ne5 20. d6 Ba5 21. Nhf5 {Dubov,D (2693)-Abdusattorov,N (2777) New York USA 2024 1-0 (77)}) ({RR} 6... Bf5 7. O-O e6 8. Nh4 Bg4 9. Qe1 Bh5 10. f4 Be7 11. h3 Nd7 12. Nf3 Bg6 13. d3 c4 14. dxc4 dxc4 15. e4 O-O 16. Nbd2 cxb3 17. axb3 Nb4 18. Rc1 Rc8 19. Kh2 Rxc2 20. Rxc2 Nxc2 21. Qe2 {Aleksandrov,A (2418)-Gharibyan,M (2499) Moscow RUS 2024 ½-½ (54)}) 7. c4 dxc4 $146 ({RR} 7... Bg7 8. cxd5 Qxd5 9. O-O Qf5 10. Nc3 O-O 11. Rc1 Nb4 12. d4 Rd8 13. Na4 cxd4 14. Nxd4 Qh5 15. Qxh5 gxh5 16. Nb6 Rb8 17. Ba3 Nbd5 18. Bc5 e6 19. e4 Nxb6 20. Bxb6 Re8 21. Rfd1 Nd7 22. Bc7 {Keymer,V (2717)-Mekhitarian,K (2559) chess.com INT 2023 1-0}) 8. bxc4 Qd3 9. Qb3 Nb4 10. Bxf6 exf6 11. Qxd3 Nxd3+ 12. Ke2 Nb4 13. a3 Nc6 14. Nc3 Be6 15. d3 O-O-O 16. Rab1 Be7 17. Rb6 Kc7 18. Rhb1 Na5 19. Nd2 Rd6 20. Rxb7+ Nxb7 21. Rxb7+ Kd8 22. Nde4 Rc6 23. Nd5 Bxd5 24. cxd5 Rc7 25. Rb6 f5 26. Nd2 Kd7 27. Nc4 Ra7 28. d6 Bd8 29. Bc6+ Ke6 30. Rb8 Bf6 31. Rb6 Bd8 32. Rb1 Bf6 33. e4 fxe4 34. dxe4 Rc8 35. Bd5+ Kd7 36. Bxf7 Rf8 37. Bd5 Re8 38. f4 Bd4 39. e5 1-0

[Event "Titled Tue 10th Oct Late"]
[Site "chess.com INT"]
[Date "2023.10.10"]
[Round "8"]
[White "Nihal, Sarin"]
[Black "Bok, B."]
[Result "1-0"]
[WhiteElo "2694"]
[BlackElo "2621"]
[PlyCount "99"]
[EventDate "2023.10.10"]

1. Nf3 d5 2. b3 Bf5 3. Bb2 e6 4. g3 h6 5. Bg2 Nf6 6. O-O Be7 7. d3 O-O 8. Nbd2 Bh7 9. c4 c6 10. a3 a5 11. Ra2 Nbd7 12. Qa1 Bd6 13. Ne5 Nxe5 14. Bxe5 Bxe5 15. Qxe5 Nd7 16. Qb2 $146 ({RR} 16. Qc3 Qf6 17. Qxf6 Nxf6 18. Rfa1 e5 19. b4 e4 20. d4 b5 21. cxb5 cxb5 22. Nb3 a4 23. Nc5 Bf5 24. e3 Ne8 25. h3 h5 26. f3 exf3 27. Bxf3 Nf6 28. Kg2 Rfe8 29. Re1 Re7 30. Rae2 Rae8 {Damjanovic,V (2346)-Hasangatin,R (2444) chess.com INT 2023 1-0 (74)}) 16... Qf6 17. b4 Qxb2 18. Rxb2 axb4 19. axb4 Ra4 20. f4 Rfa8 21. Kf2 Kf8 22. Rc1 Ra2 23. Rcc2 Rxb2 24. Rxb2 Ke7 25. b5 Kd6 26. bxc6 bxc6 27. Rb7 Ra2 28. Nb3 Rb2 29. c5+ Ke7 30. Ke3 Kd8 31. Na5 Rxb7 32. Nxb7+ Ke7 33. Kd4 f6 34. Bh3 e5+ 35. fxe5 fxe5+ 36. Kc3 Bg8 37. Kb4 Be6 38. Bxe6 Kxe6 39. Nd8+ Kf5 40. Nxc6 Nf6 41. h3 g5 42. Nd8 g4 43. c6 Ne8 44. h4 Kf6 45. Kc5 Ke7 46. Nb7 Nc7 47. Nd6 Ke6 48. Nb5 Ne8 49. Kb6 d4 50. Nc7+ 1-0

[Event "TCh-SUI 2023"]
[Site "Switzerland SUI"]
[Date "2023.10.15"]
[Round "9.3"]
[White "Edouard, R."]
[Black "Noe, C."]
[Result "1-0"]
[WhiteElo "2531"]
[BlackElo "2522"]
[PlyCount "69"]
[EventDate "2023.04.16"]
[WhiteTeam "Geneve 1"]
[BlackTeam "Trubschachen 1"]

1. Nf3 Nf6 2. g3 b6 3. Bg2 Bb7 4. O-O e6 5. d3 d5 6. Nbd2 Be7 7. Qe1 O-O 8. e4 c5 9. e5 Nfd7 10. h4 Nc6 11. Qe2 Qc7 12. Re1 b5 13. Nf1 Nd4 14. Nxd4 cxd4 15. Bf4 Rfc8 16. Rac1 Qa5 17. a3 b4 18. axb4 Bxb4 19. Red1 $146 ({RR} 19. Bd2 Rc7 20. Ra1 Qb5 21. Bxb4 Qxb4 22. b3 Rac8 23. Ra2 Nb6 24. Rb1 Rc3 25. Nh2 Na8 26. Nf3 Qb6 27. Rbb2 Nc7 28. h5 h6 29. g4 Nb5 30. Qd2 Qc7 31. g5 hxg5 32. Qxg5 Kf8 33. h6 gxh6 {Kovacocy,P (2256)-Sefcik,M (2027) Slovakia 2018 1-0 (76)}) 19... Bf8 20. h5 Rc7 21. g4 Rac8 22. g5 g6 23. hxg6 hxg6 24. Nh2 Qa2 25. Ng4 Qxb2 26. Rb1 Qa2 27. Qf3 Qxc2 28. Nf6+ Nxf6 29. gxf6 Ba6 30. Bf1 Rc3 31. Qh3 Ra3 32. Rdc1 Qa4 33. Bh6 Rxc1 34. Rxc1 Rc3 35. Rb1 1-0

[Event "Titled Tue 17th Oct Early"]
[Site "chess.com INT"]
[Date "2023.10.17"]
[Round "3"]
[White "Pranav, Anand"]
[Black "Tregubov, P."]
[Result "1-0"]
[WhiteElo "2509"]
[BlackElo "2567"]
[PlyCount "117"]
[EventDate "2023.10.17"]

1. Nf3 d5 2. e3 Nf6 3. c4 e6 4. Nc3 c5 5. cxd5 exd5 6. d4 Nc6 7. h3 a6 ({RR} 7... cxd4 8. Nxd4 Bc5 9. Be2 O-O 10. O-O h6 11. Nxc6 bxc6 12. b3 Qd6 13. Na4 Bb4 14. Bb2 Ba5 15. Rc1 Re8 16. Bd4 Bc7 17. f4 Bb6 18. Bf3 Bf5 19. Nc5 Ne4 20. Bxe4 Bxe4 21. Qg4 f6 22. Rc3 {Nakamura,H (2789)-Sarana,A (2699) chess.com INT 2024 1-0 (37)}) ({RR} 7... Bd6 8. dxc5 Bxc5 9. Be2 O-O 10. O-O a6 11. Qc2 Qe7 12. a3 Ba7 13. b4 Be6 14. Rd1 Rac8 15. Bb2 Rfd8 16. Rac1 Bb8 17. b5 axb5 18. Bxb5 Na5 19. Ng5 h6 20. Nxd5 Rxd5 21. Qxc8+ Bxc8 22. Rxc8+ {Kaneda,E (1803)-Gattass,A (2225) Florianopolis BRA 2024 1-0 (31)}) 8. Bd3 c4 9. Bc2 b5 10. a3 $146 ({RR} 10. O-O Be7 11. e4 dxe4 12. Nxe4 O-O 13. Bg5 Be6 14. Nxf6+ Bxf6 15. Be4 Rc8 16. d5 Bxg5 17. dxe6 fxe6 18. Nxg5 Qxg5 19. Qd7 Qc5 20. Qxe6+ Kh8 21. Rad1 Rfe8 22. Qf5 Qxf5 23. Bxf5 Rc7 24. Bd7 Rf8 {Getman,D (1798)-Moiseenko,V (2505) Taganrog 2019 0-1 (42)}) 10... Be7 11. O-O O-O 12. Ne5 Bb7 13. f4 b4 14. axb4 Nxb4 15. Bb1 Rc8 16. Qf3 Qb6 17. g4 Nd3 18. Nxd3 cxd3 19. Bxd3 Rfe8 20. Bf5 Rcd8 21. Na4 Qb3 22. Qd1 Qb5 23. Bd3 Qc6 24. Bd2 Ne4 25. Be1 Qh6 26. Kg2 Bc6 27. Nc3 Bb7 28. Nxe4 dxe4 29. Be2 Rb8 30. Qa4 Bc6 31. Qa2 Bb5 32. Bxb5 Rxb5 33. Rf2 a5 34. Re2 Ra8 35. Qc4 Qb6 36. Bc3 Bb4 37. Rc1 Bxc3 38. Qxc3 g6 39. Qc2 a4 40. Qxe4 Rb8 41. Rcc2 Rb3 42. Kh2 Qb5 43. Qe5 Qd3 44. Kg2 Qd1 45. d5 a3 46. bxa3 Rb1 47. Kg3 Qg1+ 48. Kh4 Qf1 49. Kg5 R1b6 50. Kh4 Rd8 51. Qc7 Rbd6 52. Rcd2 Rxd5 53. Rxd5 Rxd5 54. Qc8+ Kg7 55. Qc3+ Kg8 56. Rb2 Rd8 57. Kg5 Qd1 58. Kh6 Qd6 59. Qg7# 1-0

[Event "Titled Tue 17th Oct Early"]
[Site "chess.com INT"]
[Date "2023.10.17"]
[Round "6"]
[White "Steinberg, N."]
[Black "Tregubov, P."]
[Result "1-0"]
[WhiteElo "2543"]
[BlackElo "2567"]
[PlyCount "75"]
[EventDate "2023.10.17"]

1. Nf3 d5 2. g3 c5 3. Bg2 Nc6 4. O-O e5 5. d3 Nf6 6. e4 Be7 7. Nc3 d4 8. Ne2 O-O 9. Ne1 ({RR} 9. Nh4 Re8 10. a4 Rb8 11. h3 a6 12. f4 b5 13. axb5 axb5 14. Nf3 exf4 15. Bxf4 Bd6 16. Bg5 Be7 17. g4 h6 18. Bf4 Bd6 19. Qd2 Qc7 20. Nh4 Bxf4 21. Rxf4 Nd7 22. Raf1 Nde5 23. Nf5 Be6 {Kashlinskaya,A (2474)-Bjerre,J (2624) chess.com INT 2023 1-0 (36)}) 9... b5 ({RR} 9... Nd7 10. f4 f6 11. f5 b5 12. g4 c4 13. Ng3 Nc5 14. Rf2 a5 15. Bf1 Ba6 16. h4 cxd3 17. cxd3 b4 18. Nf3 b3 19. a3 Kf7 20. g5 Ke8 21. Ne1 Kd7 22. Qh5 h6 23. gxh6 gxh6 24. Rg2 {Sepehrkhoui,A (2271)-Kubicka,A (2230) Trieste ITA 2025 0-1 (49)}) 10. h3 c4 $146 ({RR} 10... Qb6 11. f4 c4 12. f5 a5 13. g4 Kh8 14. Ng3 a4 15. g5 Ng8 16. Qh5 Na5 17. Nf3 f6 18. Nh4 h6 19. gxh6 gxh6 20. Bxh6 Nxh6 21. Qxh6+ Kg8 22. Qg6+ Kh8 23. Nh5 {1-0 (23) Bao,Q (2332)-Le,T (2248) Dong Nai 1995}) 11. f4 Nd7 12. Nf3 f6 13. g4 Nc5 14. Ng3 Ba6 15. b3 Rc8 16. f5 cxd3 17. cxd3 b4 18. Ne1 Nb7 19. h4 Nd6 20. Bd2 Nb5 21. Qf3 Nc3 22. Kh2 Nb8 23. Rg1 Nd7 24. Bf1 Kh8 25. Nh1 h6 26. Nf2 Nc5 27. Qh3 Kg8 28. Nf3 Rc6 29. g5 fxg5 30. hxg5 hxg5 31. Ng4 Bxd3 32. Nfxe5 Qc7 33. Bxd3 Bd6 34. Bc4+ Rf7 35. Bxf7+ Qxf7 36. Kg2 Qe8 37. Rh1 Bxe5 38. Qh8+ 1-0

[Event "Titled Tue 17th Oct Early"]
[Site "chess.com INT"]
[Date "2023.10.17"]
[Round "9"]
[White "Keymer, Vincent"]
[Black "Mekhitarian, K."]
[Result "1-0"]
[WhiteElo "2717"]
[BlackElo "2559"]
[PlyCount "53"]
[EventDate "2023.10.17"]

1. Nf3 d5 2. e3 c5 3. b3 a6 4. Bb2 Nc6 5. g3 Nf6 6. Bg2 g6 ({RR} 6... Qc7 7. c4 dxc4 8. bxc4 Bf5 9. Bxf6 exf6 10. Nc3 Bd6 11. Nh4 Be6 12. Nd5 Qd8 13. Rb1 Rb8 14. O-O O-O 15. d4 cxd4 16. exd4 b5 17. Ne3 Bd7 18. c5 Bc7 19. d5 Ne5 20. d6 Ba5 21. Nhf5 {Dubov,D (2693)-Abdusattorov,N (2777) New York USA 2024 1-0 (77)}) ({RR} 6... Bf5 7. O-O e6 8. Nh4 Bg4 9. Qe1 Bh5 10. f4 Be7 11. h3 Nd7 12. Nf3 Bg6 13. d3 c4 14. dxc4 dxc4 15. e4 O-O 16. Nbd2 cxb3 17. axb3 Nb4 18. Rc1 Rc8 19. Kh2 Rxc2 20. Rxc2 Nxc2 21. Qe2 {Aleksandrov,A (2418)-Gharibyan,M (2499) Moscow RUS 2024 ½-½ (54)}) 7. c4 Bg7 $146 ({RR} 7... dxc4 8. bxc4 Qd3 9. Qb3 Nb4 10. Bxf6 exf6 11. Qxd3 Nxd3+ 12. Ke2 Nb4 13. a3 Nc6 14. Nc3 Be6 15. d3 O-O-O 16. Rab1 Be7 17. Rb6 Kc7 18. Rhb1 Na5 19. Nd2 Rd6 20. Rxb7+ Nxb7 21. Rxb7+ Kd8 22. Nde4 {Anton Guijarro,D (2653)-Mekhitarian,K (2559) chess.com INT 2023 1-0 (39)}) 8. cxd5 Qxd5 9. O-O Qf5 10. Nc3 O-O 11. Rc1 Nb4 12. d4 Rd8 13. Na4 cxd4 14. Nxd4 Qh5 15. Qxh5 gxh5 16. Nb6 Rb8 17. Ba3 Nbd5 18. Bc5 e6 19. e4 Nxb6 20. Bxb6 Re8 21. Rfd1 Nd7 22. Bc7 Ra8 23. Nf3 Nf6 24. Nd2 Nd7 25. Nc4 Rf8 26. e5 Nc5 27. Nb6 1-0

[Event "Titled Tue 17th Oct Late"]
[Site "chess.com INT"]
[Date "2023.10.17"]
[Round "7"]
[White "Keymer, Vincent"]
[Black "Mikaelyan, A."]
[Result "1-0"]
[WhiteElo "2717"]
[BlackElo "2526"]
[PlyCount "61"]
[EventDate "2023.10.17"]

1. Nf3 d5 2. e3 Nf6 3. c4 c6 4. Nc3 e6 5. b3 Nbd7 6. Bb2 Bd6 7. Qc2 O-O 8. Be2 b6 9. Rg1 Bb7 10. g4 e5 ({RR} 10... Qe7 11. g5 Ne8 12. d4 c5 13. cxd5 Rc8 14. O-O-O Nc7 15. dxc5 Nxc5 16. Kb1 Nxd5 17. Nxd5 Bxd5 18. Qc3 Be4+ 19. Bd3 Bxd3+ 20. Rxd3 e5 21. Rdd1 Rfe8 22. Qc4 Bb8 23. e4 Ne6 24. Qb5 Qb7 25. Qd5 {Keymer,V (2700)-Kramnik,V (2753) Astana KAZ 2023 0-1 (67)}) 11. g5 Ne8 12. O-O-O ({RR} 12. h4 e4 13. Nd4 Be5 14. d3 g6 15. dxe4 dxe4 16. Bg4 c5 17. Nde2 Qe7 18. O-O-O f5 19. Bh3 Nc7 20. Nf4 Bg7 21. Bf1 Ne5 22. Be2 Rad8 23. Rxd8 Rxd8 24. Rd1 Bc6 25. Rd2 Rxd2 26. Qxd2 Qd7 {Kapra,J (2050)-Moses,N (2135) Toronto CAN 2025 ½-½ (32)}) 12... a5 $146 ({RR} 12... Qe7 13. h4 a6 14. Kb1 Nc7 15. h5 Ba3 16. Nh4 Bxb2 17. Nf5 Qd8 18. Kxb2 Ne6 19. g6 fxg6 20. hxg6 h6 21. Bg4 Rf6 22. Rh1 Nef8 23. Rdg1 e4 24. f4 b5 25. Nxh6+ gxh6 26. Rxh6 Kg7 27. Rgh1 {Yuffa,D (2556)-Sai Agni,J (2322) Barcelona 2021 0-1 (44)}) 13. h4 a4 14. bxa4 Qe7 15. h5 Ba3 16. d4 Bxb2+ 17. Kxb2 Nd6 18. dxe5 Nxe5 19. Nxe5 Qxe5 20. Rg4 Bc8 21. Rf4 Bf5 22. Qd2 Rxa4 23. cxd5 Ne4 24. Rxe4 Bxe4 25. a3 Ra5 26. f4 Qe8 27. d6 Bd5 28. Qd4 Qe6 29. e4 Qxd6 30. Qb4 Qxf4 31. exd5 1-0

[Event "Titled Tue 17th Oct Late"]
[Site "chess.com INT"]
[Date "2023.10.17"]
[Round "10"]
[White "Rasulov, Vu"]
[Black "Eljanov, P."]
[Result "1-0"]
[WhiteElo "2560"]
[BlackElo "2695"]
[PlyCount "115"]
[EventDate "2023.10.17"]

1. Nf3 d5 2. c4 d4 3. g3 c5 4. Bg2 Nc6 5. O-O e5 6. d3 Nf6 7. e3 Be7 8. exd4 exd4 9. Bf4 O-O 10. Ne5 Nxe5 11. Bxe5 Bd6 12. Bxf6 Qxf6 13. Nd2 Qd8 ({RR} 13... Rb8 14. Re1 Bf5 15. Be4 Bd7 16. Bd5 Qg6 17. Ne4 b6 18. h4 Be7 19. h5 Qg4 20. Qxg4 Bxg4 21. f4 Bd7 22. Kg2 Rfe8 23. Kf3 Kf8 24. g4 f5 25. gxf5 Bxf5 26. Re2 Bd8 27. Rg1 Re7 28. Rg5 {Movsesian,S (2680)-Buhmann,R (2596) Minsk 2017 1-0 (36)}) ({RR} 13... Qh6 14. f4 Rb8 15. Ne4 Bf5 16. Qc2 Rfe8 17. Rae1 Re7 18. Qf2 Rbe8 19. Re2 Bc7 20. Rfe1 Bg4 21. Bf3 Bxf3 22. Qxf3 Qc6 23. f5 f6 24. Rf1 a6 25. g4 b5 26. b3 Rxe4 27. Rxe4 Rxe4 28. Qxe4 {Deak-Sala,E (2112)-Wikar,M (2239) Rhodes GRE 2025 0-1 (52)}) 14. a3 $146 ({RR} 14. Re1 Rb8 15. Bd5 b5 16. Qf3 bxc4 17. Nxc4 Bc7 18. Re2 Bd7 19. Rae1 Ba5 20. Rd1 Bc7 21. Rde1 Ba5 22. Nxa5 Qxa5 23. Kg2 Kh8 24. Qf4 Qd8 25. b3 Rb6 26. Re5 Rd6 27. Be4 f5 28. Bf3 g5 {Gallana,M (2275)-Martorelli,A (2067) Villesse ITA 2023 1-0 (38)}) 14... a5 15. Re1 Ra6 16. Bd5 a4 17. Rb1 Qc7 18. Ne4 Be7 19. b4 axb3 20. Rxb3 b6 21. Qh5 g6 22. Qh6 Bb7 23. Bxb7 Qxb7 24. Qf4 Qc6 25. Qe5 Bd8 26. h4 Ra7 27. Reb1 Re7 28. Qd5 Re6 29. h5 Qxd5 30. cxd5 Re5 31. hxg6 hxg6 32. d6 Kg7 33. Nd2 Rfe8 34. Nc4 Rd5 35. a4 Re6 36. Kg2 g5 37. Rb5 g4 38. a5 bxa5 39. Rb8 Bg5 40. Rh1 Rexd6 41. Nxd6 Rxd6 42. Ra8 c4 43. dxc4 d3 44. Rxa5 f6 45. Rd5 Rc6 46. Rxd3 Rxc4 47. Rd7+ Kg6 48. Rh8 Rb4 49. Rg8+ Kf5 50. Rd5+ Ke6 51. Ra5 Rc4 52. Re8+ Kf7 53. Rb8 Kg6 54. Rba8 Rc2 55. Ra4 Be3 56. Rxg4+ Kf5 57. Kh3 Rxf2 58. Ra5+ 1-0

[Event "TCh-CZE Extraliga 2023-24"]
[Site "Czech Republic CZE"]
[Date "2023.10.14"]
[Round "1.3"]
[White "Neiksans, A."]
[Black "Warakomski, T."]
[Result "1-0"]
[WhiteElo "2587"]
[BlackElo "2541"]
[PlyCount "61"]
[EventDate "2023.10.14"]
[WhiteTeam "SK Dopravni podnik Praha"]
[BlackTeam "Sachy Hostalkova"]

1. Nf3 d5 2. g3 Nf6 3. Bg2 c6 4. O-O Bg4 5. h3 Bh5 6. d3 Nbd7 7. Qe1 e5 8. e4 dxe4 9. dxe4 Bxf3 ({RR} 9... Be7 10. Nh4 O-O 11. Nd2 Qc7 12. f4 exf4 13. gxf4 Rfe8 14. Kh1 Bb4 15. c3 Bf8 16. e5 Nd5 17. Ne4 Nc5 18. Ng3 Bg6 19. Nxg6 hxg6 20. Bxd5 cxd5 21. Be3 Ne6 22. Rd1 Rad8 23. Qe2 Bc5 24. Bd4 {Giri,A (2785)-So,W (2815) Chess.com INT 2017 1-0 (35)}) 10. Bxf3 h5 $146 ({RR} 10... Bc5 11. a4 a5 12. Nd2 Qe7 13. Nc4 Qe6 14. b3 Qxh3 15. Be3 O-O 16. Bxc5 Nxc5 17. Nxe5 Qe6 18. Nc4 Ncxe4 19. Bxe4 Nxe4 20. f3 Ng5 21. Qxe6 Nxe6 22. Rfd1 f6 23. Rd6 Nc5 24. Rad1 h5 25. Kf2 {Turov,M (2609)-Kogan,A (2529) Santa Cruz de La Palma 2017 ½-½}) ({RR} 10... Bc5 11. Nd2 O-O 12. Nb3 Bd6 13. Bd2 Qc7 14. a4 a5 15. Nxa5 b5 16. b4 bxa4 17. Rxa4 c5 18. b5 Rfb8 19. c4 Nb6 20. Ra3 Nfd7 21. Qe2 Nf8 22. Bg4 g6 23. h4 h5 24. Bh3 Ra7 25. Rd3 {To,N (2299)-Poupalos,N (2207) chess.com INT 2025 1-0 (35)}) 11. h4 a5 12. a4 Nc5 13. Nd2 Ne6 14. Nc4 Bb4 15. c3 Bc5 16. Qe2 g6 17. Bg2 Nd7 18. Bh3 Qe7 19. Kg2 O-O 20. Bh6 Rfd8 21. Rad1 Kh7 22. Bc1 f6 23. f4 exf4 24. gxf4 Ng7 25. f5 Nf8 26. e5 b5 27. Rxd8 Rxd8 28. Nxa5 Rd5 29. Nxc6 Qe8 30. axb5 gxf5 31. Qf3 1-0

[Event "Rapid Chess Superleague"]
[Site "Poland POL"]
[Date "2023.10.16"]
[Round "11.2"]
[White "Piorun, K."]
[Black "Krasenkow, M."]
[Result "1-0"]
[WhiteElo "2601"]
[BlackElo "2520"]
[PlyCount "137"]
[EventDate "2023.04.04"]
[EventType "rapid"]
[WhiteTeam "Wasko Hetman GKS Katowice"]
[BlackTeam "KSz. Stilon Gorzow Wlkp."]

1. Nf3 d5 2. g3 g6 3. Bg2 Bg7 4. d4 Nf6 5. O-O O-O 6. a4 c5 7. dxc5 Na6 8. c3 ({RR} 8. Nc3 Nxc5 9. Be3 b6 10. a5 Bb7 11. Ra3 Qc8 12. Qa1 Nfe4 13. Nxe4 Nxe4 14. c3 Qc7 15. a6 Bc6 16. Nd4 Bd7 17. Qa2 Bxd4 18. Bxd4 Be6 19. c4 Rfd8 20. b3 Rac8 21. e3 Nf6 22. Qb2 dxc4 {Fedoseev,V (2702)-Zemlyanskii,I (2516) Sharjah UAE 2024 0-1 (54)}) 8... Nxc5 9. Be3 Nce4 10. Bd4 Bg4 $146 ({RR} 10... Bf5 11. Na3 Qd7 12. Ne5 Qc8 13. Nc2 Bh3 14. Ne3 Bxg2 15. Kxg2 Rd8 16. h4 Nh5 17. Nd3 f6 18. g4 e5 19. gxh5 exd4 20. cxd4 Bh6 21. f4 Qe6 22. hxg6 hxg6 23. Rf3 Kh7 24. Rc1 Rac8 25. Rxc8 {Kozak,A (2427)-Miton,K (2568) Katowice POL 2023 0-1 (43)}) 11. Na3 Qc8 12. Rc1 Bh6 13. e3 Ng5 14. Bxf6 exf6 15. h4 Nxf3+ 16. Bxf3 Bxf3 17. Qxf3 Qc6 18. Nb5 a6 19. Nd4 Qxa4 20. Qxd5 Rab8 21. h5 Rfd8 22. Qf3 f5 23. Rfd1 Qa5 24. Rd2 Qb6 25. Rcd1 Bg7 26. Qf4 Rbc8 27. Nf3 Bf6 28. e4 fxe4 29. Rd6 Rxd6 30. Rxd6 Rc6 31. Rxc6 Qxc6 32. Nd2 g5 33. Qe3 Be7 34. Nxe4 Qe6 35. Qd4 h6 36. Kg2 f5 37. Nd2 Qc6+ 38. Kg1 Bf6 39. Qd3 Qe6 40. Nc4 Be7 41. Ne3 f4 42. Nf5 fxg3 43. fxg3 Kf7 44. Kg2 Bf8 45. Kf3 Qc6+ 46. Kg4 Qe6 47. Kf3 Qc6+ 48. Kg4 Qe6 49. Kh3 Kf6 50. g4 Kf7 51. Kg3 Qe5+ 52. Kg2 Qe6 53. c4 Qe5 54. b3 Qf4 55. Qd5+ Kf6 56. Qd8+ Kf7 57. Qd7+ Kf6 58. Qd8+ Kf7 59. Qd1 Qe4+ 60. Kh3 Ke6 61. Ng3 Qe5 62. Qd8 Bd6 63. Qe8+ Be7 64. Qc8+ Kf7 65. Qxb7 a5 66. Qf3+ Ke8 67. Nf5 Bf8 68. Qc6+ Kd8 69. Qa8+ 1-0